000 00467nam a2200169Ia 4500
008 230917s9999||||xx |||||||||||||| ||und||
020 _cEUR73.95
040 _e237830
_aMAIN
041 _aEnglish
082 _a519.2 D26A
100 _aDasGupta, Anirban
245 0 _aAsymptotic theory of statistics and probability
260 _aNew Youd
_bSpringer
_c2008
300 _axxvii, 722 p.
500 _a2605 09/02/2017 HBD17/6866 08/03/2017 Main Budget
942 _cBK
999 _c21360
_d21360